| 000 | 01456nam0a2200325 i 4500 | ||
|---|---|---|---|
| 001 | RU\NLR\BIBL_A\011405981 | ||
| 005 | 20240921105136.0 | ||
| 010 |
_a9785090514040 _92000 |
||
| 021 |
_aRU _b2017-37354 _92732 |
||
| 035 | _a(RuMoRGB)008891906 | ||
| 035 | _a(NLR Aleph) 011405981 | ||
| 090 |
_a11531920 _c11531920 |
||
| 100 | _a20170614d2017 d y0rusy50 ca | ||
| 101 | 0 | _arus | |
| 102 | _aRU | ||
| 105 | _aa|||j|||000yy | ||
| 200 | 1 |
_aТехнология _eШвейное дело _eучебник для общеобразовательных организаций, реализующих адаптированные основные общеобразовательные программы _e8 класс _fГ.Г. Мозговая, Г.Б. Картушина |
|
| 205 | _a7-е изд. | ||
| 210 |
_aМосква _cПросвещение _d2017 |
||
| 215 |
_a231 с. _cил., цв. ил. _d22 |
||
| 313 | _aЕсть пред. изд. | ||
| 606 | 1 |
_aКройка и шитье _jУчебники для специальных (коррекционных) образовательных учреждений _9955861 _3RU\NLR\AUTH\66356218 |
|
| 686 |
_aМ4я72-1 _2rubbk |
||
| 686 | 1 | _aМ481я721-1 | |
| 700 | 1 |
_aМозговая _bГ. Г. _gГалина Георгиевна |
|
| 701 | 1 |
_aКартушина _bГ. Б. _gГалина Борисовна |
|
| 942 | _cBOOK | ||
| 980 | _aNBR | ||